LEADER 01141nam a2200289 i 4500 001 000000147743 003 CaOOAMICUS 005 20060213000000.0 008 060213s2000 it u000 u ita u 013 $a125044 020 $a88-10-50539-5 040 $aSeMil$bita 100 1 $aLeone, Salvino,$d<1954- >.$0(OLS)http://semarc/name/19970 245 10$aEducare alla sessualitą /$cSalvino Leone. 260 $aBologna :$bEDB,$c2000. 300 $a206 p. ;$c21 cm. 490 0 $aTrattati di etica teologica 500 $aContiene: Bibliografia essenziale. 650 4$aEtica sessuale.$0(OLS)http://semarc/subject/10388 650 4$aEducazione sessuale.$0(OLS)http://semarc/subject/10205 830 0$aTrattati di etica teologica.$0(OLS)http://semarc/title/8574 850 $aSeMil 852 $aSeMil$W1$xVenegono$y1$m2E VI 9$j100279$B100279$CSeMilBibl$Z2$F108878 $81 961 $aSottoscrizione: Cittą Nuova (Agente) 996 $6020$a88-10-50539-5$9(OLS)http://semarc/number/136534 996 $6245$aEducare alla sessualitą$9(OLS)http://semarc/title/216019 996 $6260$aBologna :$bEDB$9(OLS)http://semarc/publisher/29669 LEADER 00931nam a2200253 i 4500 001 000000230512 003 CaOOAMICUS 005 20140610000000.0 008 140610s1957 it u000 u ita u 013 $a209414 040 $aSeMil$bita 100 1 $aMontagna, Lino.$0(OLS)http://semarc/name/25262 245 10$aLaicato e laicismo /$cLino Montagna. 260 $aMilano :$bEdizioni Pro Cultura,$c1957. 300 $a23 p. ;$c25 cm. 500 $aFondo card. Giovanni Colombo. 650 4$aLaicato - Teologia.$0(OLS)http://semarc/subject/5571 650 4$aLaicismo.$0(OLS)http://semarc/subject/13341 850 $aSeMil 852 $aSeMil$W1$xVenegono$y1$m3GC IV 80$j180858$B180858$CSeMilBibl$Z2$F192908 $8B 941 1 $a3 961 $aLascito: Colombo Card. Giovanni 996 $6245$aLaicato e laicismo$9(OLS)http://semarc/title/329324 996 $6260$aMilano :$bEdizioni Pro Cultura$9(OLS)http://semarc/publisher/49151